000 00562nam a22001817a 4500
003 JO-AjAnu
005 20241022084814.0
008 241020b jo ||||| |||| 00| 0 ara d
020 _a4-14238-098-1-978
040 _cJO-AjAnu
100 _aMachado, Rui
_eAuthor
_966370
245 _aAnalytics Engineering with SQL and dbt : Building Meaningful Data Models at Scale
_c / Rui Machado
260 _bO'REILLY,
_c 2024
300 _apages : 305
650 _vAnalytic Engineering-Data Models
700 _aHelder Russa
_eJoint Author
_966371
942 _2lcc
_cBK
_n0
999 _c33804
_d33804